000 00923nam a2200265Ia 4500
003 OSt
005 20221005111019.0
006 a|||||r|||| 00| 0
007 ta
008 221004b |||||||| |||| 00| 0 hin d
020 _a9788171193295 (hbk)
_c300
024 _a21005
037 _bBR8399, 21/03/2015, Rajkamal Prakashan Pvt. Ltd.
_cTextual
040 _aCRL
_cCRL
_bhin
041 _2hin
_ahin
082 _aO157,3N26x, 152M7;Q3
100 _aमहाश्वेता देवी
245 0 _aदौलति
246 _aDaulati
260 _aनई दिल्ली
_bराधाकृष्ण भारत
_c2013
300 _a202पृ0
_ccm.
650 _aहिन्दी साहित्य
942 _hO157,3N26x, 152M7;Q3
_cTEXL
_2cc
999 _c1020562
_d1020562